[Event "25th European Teams"]
[Site "Batumi GEO"]
[Date "2025.10.10"]
[Round "6.4"]
[Board "4"]
[White "Hakobyan, Aram"]
[Black "Suleymanli, Aydin"]
[Result "1/2-1/2"]
[WhiteTitle "GM"]
[BlackTitle "GM"]
[WhiteElo "2624"]
[BlackElo "2614"]
[WhiteTeam "Armenia"]
[BlackTeam "Azerbaijan"]
[WhiteFideId "13306677"]
[BlackFideId "13413937"]
[EventDate "2025.10.05"]

1. d4 Nf6 2. c4 e6 3. Nf3 d5 4. e3 Be7 5. Nc3 O-O 6. cxd5 exd5 7. Bd3 Bg4 8. O-O
c6 9. Qb3 Bxf3 10. gxf3 Qc8 11. Kg2 Rd8 12. Ne2 Nbd7 13. Qc2 Nf8 14. Bf5 Qc7 15.
e4 g6 16. Bh3 Nh5 17. Bg4 Ng7 18. Be3 Nfe6 19. Rad1 Qd7 20. Bh3 Qc7 21. Kh1 Kh8
22. Rg1 c5 23. dxc5 dxe4 24. fxe4 Bxc5 25. Bxe6 Nxe6 26. Nd4 Bf8 27. Qxc7 Nxc7
28. Bg5 Re8 29. Bf6+ Bg7 30. Bxg7+ Kxg7 31. Nf5+ Kf8 32. Nd6 Re7 33. f3 Ne6 34.
Nb5 a6 35. Nc3 Rc7 36. Rd2 Rac8 37. Kg2 Rc5 38. Rgd1 Kg7 39. a3 Rg5+ 40. Kf2 Rh5
41. Kg3 Rg5+ 42. Kf2 Rh5 43. Kg2 Nf4+ 44. Kg3 g5 45. Nd5 Rh3+ 46. Kg4 Rh4+ 47.
Kg3 Rh3+ 48. Kg4 Rh4+ 49. Kg3 1/2-1/2

[Event "25th European Teams"]
[Site "Batumi GEO"]
[Date "2025.10.10"]
[Round "6.5"]
[Board "1"]
[White "Shirov, Alexei"]
[Black "Deac, Bogdan-Daniel"]
[Result "1/2-1/2"]
[WhiteTitle "GM"]
[BlackTitle "GM"]
[WhiteElo "2636"]
[BlackElo "2655"]
[WhiteTeam "Spain"]
[BlackTeam "Romania"]
[WhiteFideId "2209390"]
[BlackFideId "1226380"]
[EventDate "2025.10.05"]

1. e4 e5 2. Nf3 Nc6 3. Bb5 a6 4. Ba4 Nf6 5. O-O Be7 6. Re1 b5 7. Bb3 O-O 8. c3
d6 9. h3 Re8 10. Ng5 Rf8 11. d4 h6 12. Nf3 Re8 13. Nbd2 Bd7 14. Nf1 a5 15. a4
bxa4 16. Bxa4 exd4 17. Nxd4 Ne5 18. f4 Bxa4 19. Rxa4 Ng6 20. e5 dxe5 21. fxe5
Nd5 22. e6 Bc5 23. exf7+ Kxf7 24. Rxe8 Qxe8 25. b4 Bb6 26. Qb3 Qe4 27. bxa5 Rxa5
28. Rxa5 Bxa5 29. Ng3 Qe1+ 30. Kh2 Ne7 31. c4 Nf6 1/2-1/2

[Event "25th European Teams"]
[Site "Batumi GEO"]
[Date "2025.10.10"]
[Round "6.5"]
[Board "2"]
[White "Nisipeanu, Liviu-Dieter"]
[Black "Chigaev, Maksim"]
[Result "1/2-1/2"]
[WhiteTitle "GM"]
[BlackTitle "GM"]
[WhiteElo "2577"]
[BlackElo "2634"]
[WhiteTeam "Romania"]
[BlackTeam "Spain"]
[WhiteFideId "1202758"]
[BlackFideId "4108116"]
[EventDate "2025.10.05"]

1. e4 e5 2. Nf3 Nc6 3. Bc4 Bc5 4. O-O Nf6 5. d3 d6 6. c3 a5 7. Bb3 h6 8. Re1 O-O
9. h3 Re8 10. Nbd2 Be6 11. Ba4 Nd7 12. Nf1 d5 13. exd5 Bxd5 14. Ng3 Rb8 15. Bc2
Bf8 16. Be3 Nf6 17. d4 Bxf3 18. Qxf3 exd4 19. Bf4 Qd5 20. Ne4 Nxe4 21. Bxe4 Qd7
22. Rad1 Rbd8 23. Bxc6 Rxe1+ 24. Rxe1 bxc6 25. cxd4 a4 26. b3 axb3 27. axb3 Qxd4
28. Bxc7 Qd2 29. Qe2 Qxe2 30. Rxe2 Rd1+ 1/2-1/2

[Event "25th European Teams"]
[Site "Batumi GEO"]
[Date "2025.10.10"]
[Round "6.5"]
[Board "3"]
[White "Anton Guijarro, David"]
[Black "Lupulescu, Constantin"]
[Result "1/2-1/2"]
[WhiteTitle "GM"]
[BlackTitle "GM"]
[WhiteElo "2631"]
[BlackElo "2577"]
[WhiteTeam "Spain"]
[BlackTeam "Romania"]
[WhiteFideId "2285525"]
[BlackFideId "1207822"]
[EventDate "2025.10.05"]

1. d4 Nf6 2. c4 e6 3. Nc3 d5 4. cxd5 exd5 5. Bg5 Be6 6. e3 Nbd7 7. Bd3 c6 8. h3
Be7 9. Nge2 Nh5 10. Bxe7 Qxe7 11. O-O O-O 12. Qd2 g6 13. Rae1 Qg5 14. f4 Qh4 15.
e4 dxe4 16. Nxe4 Bd5 17. N2c3 Bxe4 18. Rxe4 Ndf6 19. Re5 Rad8 20. Qe3 Nd7 21.
Re7 Ng7 22. d5 cxd5 23. Nxd5 Nb6 24. Nxb6 Rxd3 25. Qxd3 Qxe7 26. Nd5 Qc5+ 27.
Kh2 Nf5 28. g4 Qd4 29. Qxd4 Nxd4 30. Rd1 Nc6 31. Kg3 Kg7 32. Ne3 Re8 33. Kf3 Re7
34. a3 f6 35. h4 Kf7 36. b4 a6 37. Rd6 Re6 38. Rd7+ Re7 39. Rd6 Re6 40. Rd7+ Re7
41. Rd5 Rc7 42. Ke4 Ke6 43. f5+ gxf5+ 44. Nxf5 Ne5 45. Rd6+ Kf7 46. g5 Ng4 47.
Rb6 Rc4+ 48. Kd5 Rf4 49. Rxb7+ Kg6 50. Ne7+ Kh5 51. gxf6 Rxf6 52. Ng8 Rf8 53.
Rxh7+ Kg6 54. Ra7 Rxg8 55. Rxa6+ Kf5 56. b5 Rd8+ 57. Kc5 Ne5 58. b6 Rc8+ 59. Kb5
Rc1 60. Ra4 Ke6 61. b7 Nd7 62. Rd4 Rc5+ 63. Ka6 Rc3 64. a4 Nb8+ 65. Kb5 Rb3+ 66.
Rb4 Rd3 67. Rc4 Rb3+ 68. Rb4 Rd3 69. a5 Kd7 70. Rg4 Rb3+ 71. Kc4 Rxb7 72. Rg7+
Kc6 73. Rxb7 Kxb7 74. Kd5 Nd7 75. Ke6 Nf8+ 76. Kf7 Nd7 77. h5 Ne5+ 78. Kf6 Ng4+
79. Kf5 Nh6+ 80. Kg5 Nf7+ 81. Kg6 Ne5+ 82. Kf5 Nf7 83. Kg6 Ne5+ 1/2-1/2

[Event "25th European Teams"]
[Site "Batumi GEO"]
[Date "2025.10.10"]
[Round "6.5"]
[Board "4"]
[White "Gavrilescu, David"]
[Black "Santos Latasa, Jaime"]
[Result "1/2-1/2"]
[WhiteTitle "GM"]
[BlackTitle "GM"]
[WhiteElo "2535"]
[BlackElo "2609"]
[WhiteTeam "Romania"]
[BlackTeam "Spain"]
[WhiteFideId "1227190"]
[BlackFideId "2293307"]
[EventDate "2025.10.05"]

1. e4 c5 2. Nf3 Nc6 3. Bb5 e6 4. Bxc6 bxc6 5. d3 Qc7 6. e5 f6 7. Bf4 Ne7 8. O-O
fxe5 9. Bxe5 d6 10. Bg3 Nf5 11. Nh4 Nxg3 12. fxg3 g6 13. Nd2 Bg7 14. c3 Rb8 15.
Qc2 Rf8 16. Ne4 Qe7 17. d4 cxd4 18. cxd4 Bxd4+ 19. Kh1 Bd7 20. Qa4 e5 21. Nf3 c5
22. Qa6 Kd8 23. Nfg5 d5 24. Nd6 c4 25. Qa5+ Rb6 26. Ngf7+ Kc7 27. Qxa7+ Kc6 28.
Qa4+ Kc7 29. Qa7+ Kc6 30. Qa4+ Kc7 31. Qa7+ 1/2-1/2

[Event "25th European Teams"]
[Site "Batumi GEO"]
[Date "2025.10.10"]
[Round "6.6"]
[Board "1"]
[White "Mchedlishvili, Mikheil"]
[Black "Vitiugov, Nikita"]
[Result "1/2-1/2"]
[WhiteTitle "GM"]
[BlackTitle "GM"]
[WhiteElo "2562"]
[BlackElo "2654"]
[WhiteTeam "Georgia 1"]
[BlackTeam "England"]
[WhiteFideId "13600966"]
[BlackFideId "4152956"]
[EventDate "2025.10.05"]

1. Nf3 Nf6 2. d4 e6 3. c4 b6 4. g3 Bb7 5. Bg2 Be7 6. O-O O-O 7. Nc3 Ne4 8. Bd2
f5 9. Ne5 d6 10. Nd3 Qe8 11. Nf4 Nxc3 12. Bxc3 Bxg2 13. Nxg2 Nd7 14. Qd3 Qf7 15.
b3 Rad8 16. Rad1 e5 17. dxe5 dxe5 18. Qd5 Qxd5 19. Rxd5 c6 20. Rd2 Nc5 21. Rdd1
e4 22. Ne3 g6 23. Nc2 Ne6 24. Nb4 Rxd1 25. Rxd1 Rd8 26. Rxd8+ Nxd8 27. Nc2 Kf7
28. f3 exf3 29. exf3 Ne6 30. Kf2 h5 31. Ke2 Bd6 32. Nd4 Nxd4+ 33. Bxd4 1/2-1/2

[Event "25th European Teams"]
[Site "Batumi GEO"]
[Date "2025.10.10"]
[Round "6.6"]
[Board "2"]
[White "Adams, Michael"]
[Black "Kacharava, Nikolozi"]
[Result "1/2-1/2"]
[WhiteTitle "GM"]
[BlackTitle "GM"]
[WhiteElo "2646"]
[BlackElo "2486"]
[WhiteTeam "England"]
[BlackTeam "Georgia 1"]
[WhiteFideId "400041"]
[BlackFideId "13611860"]
[EventDate "2025.10.05"]

1. e4 e5 2. Nf3 Nc6 3. Bc4 Bc5 4. d3 Nf6 5. Nc3 h6 6. O-O O-O 7. a3 a6 8. Be3 d6
9. Bxc5 dxc5 10. Nd5 Re8 11. Nd2 Nd4 12. b4 cxb4 13. axb4 Be6 14. Ne3 Qd6 15. c3
Nc6 16. Bxe6 Qxe6 17. Qc2 Red8 18. Rfd1 b6 19. h3 a5 20. bxa5 Rxa5 21. Rxa5 Nxa5
22. Nf3 g6 23. c4 Nd7 24. Qc3 Kh7 25. Nd5 Rc8 26. d4 c6 27. Ne3 exd4 28. Qxd4
Nf6 29. e5 Ng8 30. Qh4 Qe7 31. Qxe7 Nxe7 32. Rd7 Nf5 33. Nxf5 gxf5 34. c5 bxc5
35. Rxf7+ Kg8 36. e6 Re8 37. Rxf5 Rxe6 38. Rxc5 Nb7 39. Rc3 c5 40. Kf1 Re7 41.
Nd2 Kf7 42. f3 Rc7 43. Ke2 Nd6 44. Nc4 Nb5 45. Re3 Kf6 46. Kf2 Nd4 47. Re5 Ne6
48. Rh5 Kg6 49. Rd5 Ra7 50. g4 Nf4 51. Rd6+ Kg5 52. h4+ Kxh4 53. Rxh6+ Kg5 54.
Rd6 Ra4 55. Nd2 Ra2 56. Ke3 Ra3+ 57. Ke4 Ra4+ 58. Ke5 Ng6+ 59. Kd5 Rd4+ 60. Kxc5
Rxd6 61. Kxd6 Kf4 62. Ke6 Nh4 63. Kf6 Nxf3 64. Nxf3 Kxg4 1/2-1/2

[Event "25th European Teams"]
[Site "Batumi GEO"]
[Date "2025.10.10"]
[Round "6.6"]
[Board "3"]
[White "Jobava, Baadur"]
[Black "Maroroa Jones, Gawain C B"]
[Result "0-1"]
[WhiteTitle "GM"]
[BlackTitle "GM"]
[WhiteElo "2573"]
[BlackElo "2643"]
[WhiteTeam "Georgia 1"]
[BlackTeam "England"]
[WhiteFideId "13601520"]
[BlackFideId "409561"]
[EventDate "2025.10.05"]

1. c4 g6 2. Nc3 Bg7 3. d4 Nf6 4. e4 d6 5. f4 O-O 6. Nf3 c5 7. d5 e6 8. Be2 exd5
9. cxd5 Re8 10. e5 dxe5 11. fxe5 Ng4 12. e6 fxe6 13. Bg5 Bf6 14. Bxf6 Nxf6 15.
d6 Nc6 16. O-O Kg7 17. Nb5 Rf8 18. Qc2 Qb6 19. a4 e5 20. Rac1 c4+ 21. Kh1 Ng4
22. Nc7 Rb8 23. Bxc4 Ne3 24. Nd5 Nxc2 25. Nxb6 Bf5 26. Nd7 Bxd7 27. Rxc2 e4 28.
Ng5 Rxf1+ 29. Bxf1 Re8 30. Rf2 Ne5 31. Kg1 e3 32. Rc2 Bxa4 33. Rc7+ Nd7 34. Be2
Bc6 35. b4 a6 36. Nf3 Re4 37. Bxa6 Rxb4 38. Kf1 Kf6 39. Bd3 Ke6 0-1

[Event "25th European Teams"]
[Site "Batumi GEO"]
[Date "2025.10.10"]
[Round "6.6"]
[Board "4"]
[White "McShane, Luke J"]
[Black "Paichadze, Luka"]
[Result "1-0"]
[WhiteTitle "GM"]
[BlackTitle "GM"]
[WhiteElo "2614"]
[BlackElo "2502"]
[WhiteTeam "England"]
[BlackTeam "Georgia 1"]
[WhiteFideId "404853"]
[BlackFideId "13602934"]
[EventDate "2025.10.05"]

1. e4 c6 2. Nf3 d5 3. Nc3 Bg4 4. h3 Bxf3 5. Qxf3 e6 6. Be2 Nd7 7. Qg3 Ne7 8. d3
Ng6 9. O-O Bc5 10. Bg5 Qb8 11. Qxb8+ Rxb8 12. g3 Bd4 13. Bf3 O-O 14. Bc1 f5 15.
Ne2 Bb6 16. exf5 exf5 17. Nf4 Nge5 18. Be2 Rbe8 19. h4 h6 20. h5 Bc7 21. Bd2 Rf7
22. Rae1 Nf6 23. Bd1 Bd6 24. Kg2 Rfe7 25. Rh1 b6 26. c3 a5 27. Bc1 b5 28. d4 Nc4
29. Rxe7 Rxe7 30. Ng6 Re8 31. Nh4 f4 32. gxf4 a4 33. Ng6 a3 34. bxa3 Nxa3 35.
Ne5 Nb1 36. Rh3 Ne4 37. Nxc6 Nbxc3 38. Bb3 Kh8 39. Ne5 Bb8 40. a3 Ba7 41. Rd3
Rc8 42. Be3 Kh7 43. Nd7 Rd8 44. Nc5 Ne2 45. Ne6 Rd6 46. f5 N4c3 47. Bd2 Ne4 48.
Bb4 Ra6 49. Bxd5 Nf6 50. Nf8+ Kh8 51. Ng6+ Kh7 52. Bb7 Nxh5 53. Bxa6 Nef4+ 54.
Nxf4 Nxf4+ 55. Kf3 Nxd3 56. Bc3 Nc1 57. Bxb5 Nb3 58. Ke4 h5 59. Bc4 1-0

[Event "25th European Teams"]
[Site "Batumi GEO"]
[Date "2025.10.10"]
[Round "6.7"]
[Board "1"]
[White "Fedoseev, Vladimir3"]
[Black "Gurel, Ediz"]
[Result "1-0"]
[WhiteTitle "GM"]
[BlackTitle "GM"]
[WhiteElo "2720"]
[BlackElo "2634"]
[WhiteTeam "Slovenia"]
[BlackTeam "Turkiye"]
[WhiteFideId "24130737"]
[BlackFideId "44507356"]
[EventDate "2025.10.05"]

1. d4 Nf6 2. c4 e6 3. Nc3 Bb4 4. Qc2 d6 5. e3 O-O 6. Bd3 c5 7. Ne2 Nc6 8. O-O
Bxc3 9. Qxc3 b6 10. b3 Bb7 11. Bb2 Rc8 12. Rad1 Qe7 13. Bb1 cxd4 14. Nxd4 Nxd4
15. Qxd4 Rfd8 16. Rd2 e5 17. Qh4 Qe6 18. f4 h6 19. fxe5 dxe5 20. Rdf2 Rc6 21.
Qg3 Qe7 22. Bxe5 Nh5 23. Qf3 Rg6 24. Qxh5 Rg5 25. Bf6 gxf6 26. Qxh6 Rg7 27. Bf5
Re8 28. e4 Bxe4 29. Re1 Qb4 30. Qe3 Re5 31. Bxe4 Rg4 32. Ree2 Qe7 33. Bh7+ Kg7
34. Qf3 1-0

[Event "25th European Teams"]
[Site "Batumi GEO"]
[Date "2025.10.10"]
[Round "6.7"]
[Board "2"]
[White "Yilmaz, Mustafa"]
[Black "Demchenko, Anton"]
[Result "1/2-1/2"]
[WhiteTitle "GM"]
[BlackTitle "GM"]
[WhiteElo "2591"]
[BlackElo "2628"]
[WhiteTeam "Turkiye"]
[BlackTeam "Slovenia"]
[WhiteFideId "6302718"]
[BlackFideId "4160258"]
[EventDate "2025.10.05"]

1. d4 d5 2. c4 dxc4 3. Nf3 Nf6 4. e3 e6 5. Bxc4 a6 6. O-O Be7 7. Qe2 b5 8. Bd3
Bb7 9. a4 Nbd7 10. axb5 axb5 11. Rxa8 Qxa8 12. Bxb5 O-O 13. Nc3 c6 14. Bc4 c5
15. dxc5 Nxc5 16. Bd2 Nfe4 17. Nxe4 Nxe4 18. Rd1 Nxd2 19. Rxd2 Rd8 20. Rxd8+
Bxd8 21. b4 Bc7 22. b5 Qa4 23. Bd3 g6 24. e4 Qa1+ 25. Qe1 Qa3 26. Qe3 Qa1+ 27.
Qe1 Qa3 28. Qd1 Qd6 29. Qe2 h6 30. g3 f5 31. Nd2 Kg7 32. Qe3 Qb6 33. Qxb6 Bxb6
34. exf5 exf5 35. Bf1 Bd5 36. Bg2 Be6 37. Bc6 Kf6 38. Kg2 g5 39. Nf1 Ke5 40. h3
g4 41. hxg4 fxg4 42. Ne3 Kd4 43. Kf1 Kc5 44. Ke2 Bc4+ 45. Kd1 Bf7 46. Nf5 h5 47.
Kd2 Bd8 48. Ke3 Bg5+ 49. Ke4 Bd2 50. Kd3 Bg5 51. Nh4 Bf6 52. Ng2 Bg6+ 53. Ke2
Bf7 54. Ne3 Bd8 55. Bd7 Kd4 56. Bc6 Kc5 57. Kf1 Be6 58. Ng2 Bc4+ 59. Kg1 Bxb5
60. Bxb5 Kxb5 61. Kf1 Kc4 62. Nf4 h4 63. gxh4 Bxh4 64. Ng6 Bxf2 65. Ne5+ Kb5 66.
Nxg4 Bd4 1/2-1/2

[Event "25th European Teams"]
[Site "Batumi GEO"]
[Date "2025.10.10"]
[Round "6.7"]
[Board "3"]
[White "Subelj, Jan"]
[Black "Sanal, Vahap"]
[Result "0-1"]
[WhiteTitle "GM"]
[BlackTitle "GM"]
[WhiteElo "2545"]
[BlackElo "2538"]
[WhiteTeam "Slovenia"]
[BlackTeam "Turkiye"]
[WhiteFideId "14618583"]
[BlackFideId "6300545"]
[EventDate "2025.10.05"]

1. d4 Nf6 2. c4 b6 3. g3 Bb7 4. Nf3 g6 5. Bg2 Bg7 6. O-O O-O 7. Qc2 c5 8. d5 b5
9. Nc3 bxc4 10. Ne5 d6 11. Nxc4 Nbd7 12. e4 Ba6 13. Nd1 Nb6 14. Nde3 Ng4 15.
Nxg4 Nxc4 16. Re1 Rb8 17. Bf1 Qa5 18. Bh6 Nxb2 19. Bxa6 Qxa6 20. Bxg7 Kxg7 21.
Qc3+ f6 22. e5 dxe5 23. Rxe5 Rb7 24. Re6 Qc4 25. Qxc4 Nxc4 26. Rc1 Nd6 27. Rxc5
h5 28. Ne3 Rd8 29. Nc2 Nf5 30. Ne3 Nd6 31. Nc2 Rdd7 32. Nd4 Kf7 33. Nc6 Rb5 34.
Rxb5 Nxb5 35. Re3 a6 36. Nb4 Nc7 37. Ra3 Rd6 38. Ra5 Ke8 39. Kg2 Kd7 40. Kf3 Rb6
41. a3 Kd6 42. Ke4 Rb5 43. Rxb5 axb5 44. Kd4 Nxd5 45. Nc2 e5+ 46. Kd3 Kc5 47.
Na1 e4+ 48. Kxe4 Kc4 49. Nc2 Nc3+ 50. Ke3 Nb1 51. Ke4 Kc3 52. Nd4 Nxa3 53. Kd5
b4 54. Kc5 g5 55. f4 gxf4 56. gxf4 Nc2 57. Nxc2 Kxc2 58. Kxb4 Kd3 59. f5 Ke4 60.
Kc4 Kxf5 0-1

[Event "25th European Teams"]
[Site "Batumi GEO"]
[Date "2025.10.10"]
[Round "6.7"]
[Board "4"]
[White "Can, Isik"]
[Black "Sebenik, Matej"]
[Result "1-0"]
[WhiteTitle "GM"]
[BlackTitle "GM"]
[WhiteElo "2515"]
[BlackElo "2505"]
[WhiteTeam "Turkiye"]
[BlackTeam "Slovenia"]
[WhiteFideId "6383742"]
[BlackFideId "14602296"]
[EventDate "2025.10.05"]

1. e4 c5 2. Nf3 Nc6 3. d4 cxd4 4. Nxd4 Nf6 5. Nc3 e5 6. Nde2 Bc5 7. Ng3 d6 8.
Na4 Bb4+ 9. c3 Ba5 10. b4 Bc7 11. Bd3 O-O 12. O-O a6 13. a3 b5 14. Nb2 h6 15. a4
Rb8 16. Qe2 Bd7 17. Be3 Ne7 18. axb5 axb5 19. Ra6 Ng6 20. Qd2 Ng4 21. Ba7 Ra8
22. h3 Nf6 23. c4 bxc4 24. Bxc4 Qc8 25. Rfa1 Qb7 26. Be3 Rxa6 27. Bxa6 Qa8 28.
Qd1 Qb8 29. Qb3 Bb6 30. Bxb6 Qxb6 31. Nc4 Qb8 32. b5 Be6 33. Qb4 d5 34. exd5
Nxd5 35. Qc5 Ndf4 36. b6 Bd5 37. Ne3 Rd8 38. Qc7 Be6 39. Rc1 Re8 40. b7 Qa7 41.
Qd6 Nh4 42. Rc8 Rxc8 43. bxc8=Q+ Bxc8 44. Qd8+ Kh7 45. Qxc8 Qb6 46. Bf1 g6 47.
Qf8 Qb7 48. Ng4 1-0

[Event "25th European Teams"]
[Site "Batumi GEO"]
[Date "2025.10.10"]
[Round "6.8"]
[Board "1"]
[White "Pechac, Jergus"]
[Black "Keymer, Vincent"]
[Result "0-1"]
[WhiteTitle "GM"]
[BlackTitle "GM"]
[WhiteElo "2539"]
[BlackElo "2755"]
[WhiteTeam "Slovakia"]
[BlackTeam "Germany"]
[WhiteFideId "14926970"]
[BlackFideId "12940690"]
[EventDate "2025.10.05"]

1. d4 Nf6 2. c4 e6 3. Nc3 Bb4 4. Nf3 d6 5. Qc2 O-O 6. Bd2 b6 7. e4 c5 8. a3 Bxc3
9. Bxc3 cxd4 10. Nxd4 e5 11. Ne2 Be6 12. Ng3 Qc7 13. Be2 Rc8 14. Rc1 Nbd7 15. b3
Nc5 16. O-O b5 17. b4 Na4 18. Bd2 Qb7 19. Bg5 Ne8 20. Nf5 f6 21. Bh4 Bxc4 22.
Bxc4+ Rxc4 23. Qb3 Qf7 24. Rxc4 Qxc4 25. Qf3 Nb6 26. h3 Kh8 27. Rd1 Qe6 28. Rd3
Nc4 29. Kh2 a6 30. Rd5 Rc8 31. Rd3 Rc6 32. Rd1 g6 33. Ne3 Kg7 34. Nd5 g5 35. Bg3
Nc7 36. h4 h6 37. Qc3 Qd7 38. Qf3 Nxd5 39. Rxd5 Qe6 40. Rd3 Rc7 41. Qe2 Nb6 42.
f3 d5 43. Qa2 Rd7 44. a4 Qc6 45. exd5 Nxd5 46. axb5 axb5 47. Qd2 Qc4 48. h5 Kf7
49. Ra3 e4 50. fxe4 Qxe4 51. Rd3 f5 52. Bb8 Qe6 53. Qa2 Nf6 54. Rxd7+ Nxd7 55.
Qa7 Qd5 56. Kg1 f4 57. Be5 Qd1+ 58. Kf2 Qd2+ 59. Kf1 Qd3+ 60. Ke1 Qb1+ 61. Kf2
Qc2+ 62. Kf1 Qd1+ 63. Kf2 Ke7 64. Bd4 Qd2+ 65. Kf3 Qxb4 66. Bf6+ Ke6 67. Bg7
Qb3+ 68. Ke2 Qc2+ 69. Kf1 Qd1+ 70. Kf2 Qd2+ 71. Kf1 g4 72. Qa6+ Ke7 73. Qa1 g3
74. Bd4 Kf7 75. Ba7 b4 76. Qb1 Ke6 77. Kg1 Ne5 78. Qf1 Kf5 79. Kh1 f3 80. Qb1+
Nd3 81. Bf2 gxf2 82. g4+ 0-1

[Event "25th European Teams"]
[Site "Batumi GEO"]
[Date "2025.10.10"]
[Round "6.8"]
[Board "2"]
[White "Svane, Rasmus"]
[Black "Gazik, Viktor"]
[Result "1/2-1/2"]
[WhiteTitle "GM"]
[BlackTitle "GM"]
[WhiteElo "2614"]
[BlackElo "2556"]
[WhiteTeam "Germany"]
[BlackTeam "Slovakia"]
[WhiteFideId "4657101"]
[BlackFideId "14928752"]
[EventDate "2025.10.05"]

1. Nf3 f5 2. d4 Nf6 3. c4 g6 4. g3 Bg7 5. Bg2 O-O 6. O-O d6 7. Nc3 c6 8. b3 Na6
9. Bb2 Qe8 10. Re1 e5 11. e4 f4 12. Ba3 exd4 13. Qxd4 Ng4 14. Qd2 fxg3 15. hxg3
Qd8 16. e5 Nxe5 17. Nxe5 dxe5 18. Qe3 Rf7 19. Ne4 Bg4 20. Nd6 Rd7 21. c5 Qe7 22.
b4 Rf8 23. b5 cxb5 24. Nxb5 Qf6 25. Nd6 Bf3 26. Rab1 Bxg2 27. Kxg2 Qe6 28. Qb3
Qxb3 29. Rxb3 Rb8 30. Reb1 Rc7 31. Nxb7 Bf8 32. Rb5 Rc6 33. Na5 Rxb5 34. Rxb5
Rc7 35. Nb3 Kf7 36. Kf3 Ke6 37. Ke4 g5 38. Ra5 Nb8 39. Bc1 Be7 40. f4 exf4 41.
gxf4 Nc6 42. Ra6 gxf4 43. Bxf4 Rc8 44. Be3 Kd7 45. Na5 h5 46. Nxc6 Rxc6 47.
Rxa7+ Ke6 48. Rb7 Bxc5 49. Bxc5 1/2-1/2

[Event "25th European Teams"]
[Site "Batumi GEO"]
[Date "2025.10.10"]
[Round "6.8"]
[Board "3"]
[White "Sahidi, Samir"]
[Black "Bluebaum, Matthias"]
[Result "1/2-1/2"]
[WhiteTitle "IM"]
[BlackTitle "GM"]
[WhiteElo "2490"]
[BlackElo "2687"]
[WhiteTeam "Slovakia"]
[BlackTeam "Germany"]
[WhiteFideId "14936372"]
[BlackFideId "24651516"]
[EventDate "2025.10.05"]

1. e4 c6 2. Nf3 d5 3. d3 dxe4 4. dxe4 Qxd1+ 5. Kxd1 Nd7 6. a4 Ngf6 7. Nfd2 h5 8.
f3 g5 9. Nc4 g4 10. a5 h4 11. e5 Nd5 12. fxg4 Nc5 13. Be2 Be6 14. Ke1 Bg7 15.
Bd2 Nd7 16. Nc3 Nxe5 17. Nxe5 Bxe5 18. Ne4 Nf6 19. Nf2 Bxb2 20. Rb1 Bd4 21. Nd3
Nxg4 22. Rxb7 Ne3 23. Bxe3 Bxe3 24. Bf3 Bd5 25. Ke2 Bd4 26. Rd1 Bxf3+ 27. Kxf3
Rh6 28. Re1 e6 29. Re4 Rd8 30. Rc7 c5 31. Nxc5 Rf6+ 32. Kg4 Rf2 33. Kh3 Bxc5 34.
Rxc5 Rdd2 35. Rg4 Kd7 36. Rg7 Rf4 37. a6 Rd6 38. Rb5 Rxa6 39. Rb7+ Kd6 40. Rgxf7
Ra3+ 41. g3 Rxf7 42. Rxf7 hxg3 43. hxg3 a5 44. Ra7 Kd5 45. Kg2 Ke4 46. c4 e5 47.
c5 Ra2+ 48. Kh3 Kd5 49. g4 Ra1 50. Kg2 Kxc5 51. g5 Ra4 52. Kg3 Ra1 53. Kg2 Ra4
54. Kg3 Ra1 1/2-1/2

[Event "25th European Teams"]
[Site "Batumi GEO"]
[Date "2025.10.10"]
[Round "6.8"]
[Board "4"]
[White "Svane, Frederik"]
[Black "Haring, Filip"]
[Result "1-0"]
[WhiteTitle "GM"]
[BlackTitle "IM"]
[WhiteElo "2638"]
[BlackElo "2479"]
[WhiteTeam "Germany"]
[BlackTeam "Slovakia"]
[WhiteFideId "12923044"]
[BlackFideId "14933080"]
[EventDate "2025.10.05"]

1. e4 e5 2. Nf3 Nc6 3. Bb5 a6 4. Ba4 Nf6 5. O-O d6 6. Re1 Bd7 7. Bb3 Na5 8. d4
Nxb3 9. axb3 Bg4 10. dxe5 dxe5 11. Qxd8+ Rxd8 12. Nxe5 Bd1 13. Na3 Bxa3 14. Rxa3
Bxc2 15. b4 O-O 16. f3 Rfe8 17. Nc4 Nd5 18. Bd2 Nb6 19. Nxb6 cxb6 20. Be3 Re6
21. h4 h5 22. Kf2 Rc8 23. Bd2 Rd6 24. Bc3 b5 25. Raa1 Bb3 26. Rg1 Be6 27. Ke3
Rcd8 28. Kf4 Kh7 29. Rae1 Rd3 30. Rh1 R8d6 31. Be5 Rc6 32. Bc3 Rcd6 33. Reg1 Rc6
34. Rf1 Bd7 35. Rd1 Rcd6 36. Rdg1 Rg6 37. g4 hxg4 38. fxg4 Bc6 39. Rd1 Rgd6 40.
Rxd3 Rxd3 41. h5 f6 42. Rf1 Kh6 43. e5 fxe5+ 44. Bxe5 g6 45. hxg6 Kxg6 46. Rf2
Rd7 47. Kg3 Rf7 48. Rd2 Kg5 49. Rd3 Rf1 50. Bd4 Rf7 51. Re3 Rf1 52. Re5+ Kg6 53.
Re6+ Kf7 54. Rh6 Be4 55. Bc3 Bg6 56. Rh8 Be4 57. Rd8 Rf3+ 58. Kh4 Rd3 59. Rc8
Rd7 60. Kg5 Ke6 61. Rg8 Bb1 62. Kh4 Rh7+ 63. Kg3 Kf7 64. Rd8 Ke6 65. Rd1 Bc2 66.
Rd2 Bb1 67. Re2+ Kf7 68. Kf4 Rh6 69. Rd2 Re6 70. Kg5 Ke7 71. Rf2 Rg6+ 72. Kh5
Re6 73. Bd4 b6 74. Bc3 Bg6+ 75. Kg5 Bb1 76. Rh2 Kd6 77. Rd2+ Kc6 78. Rd1 Be4 79.
Ra1 Kb7 80. Rf1 Kc6 81. Rf8 Bb1 82. Rc8+ Kb7 83. Rg8 Rc6 84. Kh5 Rc8 85. Rg5 Rc7
86. Re5 Rh7+ 87. Kg5 Rg7+ 88. Kh4 Rh7+ 89. Kg3 Rc7 90. g5 Rc6 91. Re7+ Rc7 92.
Re1 Bg6 93. Kf4 Rf7+ 94. Kg4 Rc7 95. Kf4 Rf7+ 96. Kg3 Rc7 97. Rh1 Rh7 98. Rd1
Rc7 99. Be5 Rc4 100. Rd7+ Kc8 101. Ra7 Bf5 102. Bf6 Rg4+ 103. Kf3 Rxb4 104. Rxa6
Kb7 105. Ra1 Kc6 106. Re1 Rc4 107. Re5 Bg4+ 108. Ke3 Bh5 109. Re6+ Kd5 110. Rxb6
Re4+ 111. Kd3 Bg6 112. Rxb5+ Kc6 113. Rb3 Kc5 114. Kd2 Rg4 115. Re3 Rg2+ 116.
Kc3 Rc2+ 117. Kb3 Rg2 118. Re5+ Kd6 119. Ra5 Kc6 120. Kc3 Rg3+ 121. Kc4 Rg4+
122. Bd4 Bf7+ 123. Kc3 Rg3+ 124. Kd2 Bd5 125. g6 Rg4 126. Bc3 Bb3 127. g7 Kd7
128. Ke3 1-0

[Event "25th European Teams"]
[Site "Batumi GEO"]
[Date "2025.10.10"]
[Round "6.9"]
[Board "1"]
[White "Nguyen, Thai Dai Van"]
[Black "Kazakouski, Valery"]
[Result "1/2-1/2"]
[WhiteTitle "GM"]
[BlackTitle "GM"]
[WhiteElo "2664"]
[BlackElo "2581"]
[WhiteTeam "Czech Republic"]
[BlackTeam "Lithuania"]
[WhiteFideId "358878"]
[BlackFideId "13507443"]
[EventDate "2025.10.05"]

1. c4 c6 2. Nf3 d5 3. e3 Nf6 4. Nc3 a6 5. d4 e6 6. b3 Bb4 7. Bd2 Bd6 8. Qc2 Nbd7
9. e4 e5 10. cxd5 cxd5 11. Bd3 exd4 12. Nxd5 Nxd5 13. exd5 Nf6 14. O-O O-O 15.
h3 h6 16. Rad1 Nxd5 17. Bh7+ Kh8 18. Be4 Nf6 19. Nxd4 Nxe4 20. Qxe4 Qe7 21. Qxe7
Bxe7 22. Rfe1 Bf6 23. Ne2 Bf5 24. Bc3 Bxc3 25. Nxc3 Rac8 26. Nd5 Be6 27. Nf4 Rc2
28. Re2 Rxe2 29. Nxe2 Rc8 30. Rd2 g5 31. Nd4 Bd7 32. f4 Rc7 33. Kf2 Kg7 34. Ke3
Kf6 35. Rf2 Ke7 36. Rc2 Rxc2 37. Nxc2 Bf5 38. Nd4 Bb1 39. a3 f6 40. Ne2 Ke6 41.
Nc3 Bc2 42. b4 h5 43. Ne4 Bxe4 44. Kxe4 h4 45. a4 b6 46. a5 b5 47. f5+ 1/2-1/2